02145nam a2200325Ia 450000500170000000800410001704000720005804100080013024500720013826000620021030000350027250000600030750000390036750003760040650802760078251102370105854600730129563000540136865000200142265000560144265000530149865000150155165000320156665000300159870000330162871000220166171000250168371000210170885600900172920140410171934.0130821s2007 xxua gs spa  aCo-BoUCMbspacHenry Ríos (modificó)dHenry Ríos (modificó)00aspa13aUn corazón invenciblec[DVD]c[dirigida por] Michael Winterbottom aWashington D.C. (Estados Unidos)bParamount Vantagec2007 a1 DVD (103 min. )bson., color aBasada en el libro "A Mighty Heart", de Mariane Pearl. aCo-producción USA y Reino Unido. aSINOPSIS : Basada en el trágico relato de Mariane Pearl, la viuda del reportero del Wall Street Journal Danny Pearl, asesinado en el año 2002 tras ser secuestrado por los talibanes en Pakistán. Mariane intentó por todos los medio tratar de encontrarlo, junto al ejército de la coalición internacional y multitud de organizaciones, pero su intento fue en vano. aDirección, Michael Winterbottom; guión: John Orloff; basado en el libro de Mariane Pearl, producción: Andrew Eaton, Dede Gardner y Brad Pitt, fotografía, Marcel Zyskind; montaje, Peter Christelis; diseño de producción, Mark Digby; vestuario, Charlotte Walter. aAngelina Jolie (Mariane Pearl), Dan Futterman (Danny Pearl), Archie Panjabi (Asra Nomani), Irrfan Khan (Capitán), Will Patton (Randall Bennett), Denis O'Hare (John Bussey), Adnan Siddiqui (Dost Aliani), Gary Wilmes (Steve LeVine). aAudio en Inglés y Español. Subtítulos en Inglés y Español.24aA mighty heartvVersiones cinematográficasvDVD 7aEntretenimiento 7aPelículas cinematográficaszEstados UnidosvDVD 7aPelículas cinematográficaszReino UnidovDVD 7aPeriodismo 7aPeriodistas en el cinevDVD 7aSecuestro en el cinevDVD1 aWinterbottom, Michaeld1961-2 aParamount Vantage2 aPlan B Entertainment2 aRevolution Films04uhttps://www.youtube.com/watch?v=Ygiv1ti1w6czSiga este vínculo para ver el trailer.